Leges Ecclesiae post Codicem juris canonici editae / (Record no. 90287)

MARC details
000 -LEADER
campo de control de longitud fija 00970nam a2200277 i 4500
001 - NÚMERO DE CONTROL
campo de control 90287
003 - IDENTIFICADOR DE NÚMERO DE CONTROL
campo de control ES-MaACL
005 - FECHA Y HORA DE LA ÚLTIMA TRANSACCIÓN
campo de control 20250830111225.0
007 - CAMPO FIJO DE DESCRIPCIÓN FÍSICA--INFORMACIÓN GENERAL
campo de control de longitud fija t|
008 - DATOS DE LONGITUD FIJA--INFORMACIÓN GENERAL
campo de control de longitud fija 050119s1966 it ||||1| lat d
017 ## - NÚMERO DE COPYRIGHT O DE DEPÓSITO LEGAL
Número de copyright o de depósito legal NA 743-1966
Agencia que asigna Oficina Depósito Legal Navarra
080 ## - NÚMERO DE LA CLASIFICACIÓN DECIMAL UNIVERSAL
Número de la Clasificación Decimal Universal 348.17
110 2# - ENTRADA PRINCIPAL--NOMBRE DE ENTIDAD CORPORATIVA
Nombre de entidad corporativa o nombre de jurisdicción como elemento de entrada Iglesia Católica
Término indicativo de función/relación entidad responsable
9 (RLIN) 4639
245 10 - MENCIÓN DEL TÍTULO
Título Leges Ecclesiae post Codicem juris canonici editae /
Mención de responsabilidad, etc. collegit, digessit, notisque ornavit Xaverius Ochoa
260 ## - PUBLICACIÓN, DISTRIBUCIÓN, ETC.
Lugar de publicación, distribución, etc. Roma :
Nombre del editor, distribuidor, etc. Commentarium pro Religiosis,
Fecha de publicación, distribución, etc. 1966
300 ## - DESCRIPCIÓN FÍSICA
Extensión 1 volumen ;
Dimensiones 31 cm
505 0# - NOTA DE CONTENIDO CON FORMATO
Nota de contenido con formato Vol. I. Leges annis 1917-1941 editae. CI p., 2104 col.
650 #7 - PUNTO DE ACCESO ADICIONAL DE MATERIA--TÉRMINO DE MATERIA
Término de materia o nombre geográfico como elemento de entrada Derecho canónico
Fuente del encabezamiento o término embne
9 (RLIN) 11655
655 #0 - TERMINO DE INDIZACIÓN--GENERO/FORMA
Datos o término principal de género/forma Legislación
9 (RLIN) 226283
700 1# - ENTRADA AGREGADA--NOMBRE PERSONAL
Nombre de persona Ochoa, Javier
Término indicativo de función/relación Redactor
9 (RLIN) 86485
710 2# - ENTRADA AGREGADA--NOMBRE DE ENTIDAD CORPORATIVA
Nombre de entidad corporativa o nombre de jurisdicción como elemento de entrada Institutum Juridicum Claretianum (Roma)
Término indicativo de función/relación Editor
9 (RLIN) 5257
852 ## - LOCALIZACIÓN
Ubicación ES-MaACL
Sublocalización o colección R.62378
Ubicación en estantería Depósito 2
Número de control de estantería P-1137
942 ## - ELEMENTOS DE ENTRADA SECUNDARIOS (KOHA)
Fuente del sistema de clasificación o colocación Clasificación decimal universal
Tipo de ítem Koha Libro impreso
Suprimir en OPAC No
Holdings
Estatus retirado Estado de pérdida Estado de daño No para préstamo Biblioteca de origen Biblioteca actual Ubicación en estantería Fecha de adquisición Fuente de adquisición Total de préstamos Signatura topográfica completa Código de barras Visto por última vez Precio de reemplazo Tipo de ítem Koha
        Biblioteca del Ateneo de Madrid Biblioteca del Ateneo de Madrid Depósito 2 17/01/2008     P-1137 1094282 23/02/2023 23/02/2023 Libro impreso